00669nam a22002057a 4500003000900000005001700009007000300026008004100029040002500070082001600095100003300111245006400144260003600208300002100244590002700265910001400292942001400306952012600320999001700446DO-SdBNP20220913140542.0ta110301s1967 dr 001 0 spa d aDO-SdBNPbspacBNPHU 4axxxxbA473f aÁlvarez, Federico C91321310aFinalidad del recurso de casación /cFederico C. Alvarez  aSanto Domingo :b[s.d.],c1967. a129 p. :c22 cm. aInventariado, 2022/ YL aYLockward 2ddccLBS1 00102ddc51708PDaBNPHUbBNPHUcCTd2017-01-03ePoder Judiciall0oxxxx A473fp2022-3922r2022-09-13w2022-09-13yLBS1 c52383d52383